[Event "Tournoi Skype 018B"]
[Site "Skype"]
[Date "????.??.??"]
[Round "2.8"]
[White "Martin, Jean-Claude"]
[Black "Battaglia, Gabriele"]
[Result "1-0"]
[WhiteElo "1440"]
[BlackElo "1326"]
[PlyCount "103"]

1. d4 d5 2. c4 c6 3. Nc3 Nf6 4. Bf4 Nbd7 5. cxd5 cxd5 6. e3 e6 7. a3 Qb6 8. Nb5
Qa5+ 9. b4 Bxb4+ 10. axb4 Qxb4+ 11. Qd2 Qxd2+ 12. Kxd2 Ne4+ 13. Ke1 O-O 14. Nc7
Rb8 15. Nxe6 Re8 16. Nxg7 Kxg7 17. Bxb8 Nxb8 18. Rxa7 Nc6 19. Bb5 Rd8 20. Bxc6
bxc6 21. Ra8 c5 22. f3 Nc3 23. Ne2 Nb5 24. Kf2 c4 25. Rb8 Nd6 26. Nc3 Kf8 27.
Nxd5 Nb7 28. Nf6 Kg7 29. Ne4 Na5 30. Ra1 Nc6 31. Rb6 Bd7 32. Ra4 Nxd4 33. Rxc4
Nf5 34. Rc5 Be6 35. Rc7 Kf8 36. g4 Ne7 37. Rd6 Re8 38. Nf6 Rc8 39. Rxc8+ Nxc8
40. Nxh7+ Kg7 41. Rd8 Ne7 42. Ng5 Kg6 43. Nxe6 fxe6 44. h4 e5 45. Rd6+ Kf7 46.
e4 Ng6 47. Kg3 Nf4 48. g5 Ne6 49. g6+ Kf6 50. g7 Kf7 51. g8=Q+ Kxg8 52. Rxe6
1-0

[Event "Tournoi Skype 018B"]
[Site "Skype"]
[Date "????.??.??"]
[Round "2.9"]
[White "Vincent, Andre"]
[Black "Mordaa, Ahmad"]
[Result "0-1"]
[WhiteElo "1326"]
[BlackElo "1440"]
[PlyCount "104"]

1. e4 e5 2. Nf3 d6 3. Bc4 Bg4 4. Nc3 Nf6 5. h3 Bh5 6. d3 Be7 7. Bg5 c6 8. Bxf6
Bxf6 9. g4 Bg6 10. Qe2 Nd7 11. b4 h6 12. Rd1 O-O 13. d4 exd4 14. Nxd4 d5 15.
Bb3 dxe4 16. Nxe4 Bxe4 17. Qxe4 Re8 18. Ne6 fxe6 19. Bxe6+ Kh8 20. O-O Qe7 21.
Rxd7 Qxd7 22. Bxd7 Rxe4 23. a3 Rd8 24. Bf5 Re2 25. Bd3 Re7 26. Kg2 Bh4 27. f3
Bf6 28. Kf2 Bd4+ 29. Kg3 Bb2 30. a4 Bc3 31. b5 cxb5 32. axb5 Re1 33. Rxe1 Bxe1+
34. Kg2 Rd6 35. Kf1 Bc3 36. Kg2 a6 37. bxa6 bxa6 38. Kf1 a5 39. Ke2 a4 40. Kd1
Rb6 41. Kc1 a3 42. Bc4 Rb4 43. Be6 Ra4 44. Kb1 Rb4+ 45. Ka2 Bb2 46. Bb3 g5 47.
c3 Rb8 48. c4 Kg7 49. c5 Rc8 50. c6 Rxc6 51. Ba4 Rc3 52. Bb3 Rxf3 0-1

[Event "Tournoi Skype 018B"]
[Site "Skype"]
[Date "????.??.??"]
[Round "2.10"]
[White "Galani, Mahendra"]
[Black "Lemoine, Gerard"]
[Result "1/2-1/2"]
[WhiteElo "1419"]
[BlackElo "1323"]
[PlyCount "118"]

1. e4 e6 2. Nf3 d5 3. e5 c5 4. c3 Bd7 5. Qb3 Qc7 6. Na3 Ne7 7. Nb5 Bxb5 8.
Bxb5+ Nbc6 9. d3 Ng6 10. O-O Ngxe5 11. Nxe5 Qxe5 12. Qa4 Qc7 13. Qg4 a6 14.
Bxc6+ Qxc6 15. Be3 Qb5 16. d4 c4 17. Rfb1 Qd7 18. Qg5 b5 19. b3 g6 20. Qe5 Rg8
21. Bg5 Bd6 22. Qf6 Qc7 23. g3 Be7 24. Qf4 Qxf4 25. Bxf4 Bd8 26. bxc4 g5 27.
Be3 bxc4 28. Rb7 Ba5 29. Bd2 Rg7 30. Rab1 Rc8 31. Ra7 Rc6 32. Rb8+ Bd8 33. Bc1
Rb6 34. Rc8 Rb1 35. Raa8 Rxc1+ 36. Kg2 Rxc3 37. Rxd8+ Ke7 38. Re8+ Kf6 39. Rxa6
Rd3 40. a4 c3 41. Rc8 Kf5 42. h3 Ke4 43. a5 Kxd4 44. Rac6 Rd1 45. Rxc3 Ra1 46.
R3c5 f5 47. R8c6 Re7 48. Rb5 Ra4 49. a6 h5 50. Rb1 Ke5 51. Re1+ Kf6 52. Rb6 Ra7
53. Rbxe6+ Kf7 54. Rd6 R4xa6 55. Rxd5 Kf6 56. Ree5 Ra5 57. Rxf5+ Ke6 58. Rfe5+
Kf6 59. Rf5+ Ke6 1/2-1/2

[Event "Tournoi Skype 018B"]
[Site "Skype"]
[Date "????.??.??"]
[Round "2.11"]
[White "Farfallini, Michel"]
[Black "Ramirez Reina, Orlando"]
[Result "0-1"]
[WhiteElo "1323"]
[BlackElo "1410"]
[PlyCount "44"]

1. e4 c5 2. Nf3 e6 3. d4 cxd4 4. Nxd4 a6 5. Nc3 Qc7 6. Nd5 exd5 7. exd5 Nf6 8.
Qf3 Qe5+ 9. Be3 Qxd5 10. Qxd5 Nxd5 11. O-O-O Nxe3 12. fxe3 Nc6 13. Bc4 Bc5 14.
Rhf1 Ne5 15. Bb3 O-O 16. Rf5 d6 17. Rf2 Bg4 18. Rdf1 Bh5 19. h3 Bg6 20. Kb1
Rac8 21. Re2 Ba7 22. e4 Bxd4 0-1

[Event "Tournoi Skype 018B"]
[Site "Skype"]
[Date "????.??.??"]
[Round "2.12"]
[White "Dubois, Real"]
[Black "Felippe E Silva, Glenda"]
[Result "0-1"]
[WhiteElo "1409"]
[BlackElo "1269"]
[PlyCount "62"]

1. d4 d5 2. Nf3 Bf5 3. e3 Nf6 4. c3 e6 5. Be2 Bd6 6. Nbd2 O-O 7. O-O Nbd7 8.
Re1 Rc8 9. h3 c5 10. Nh4 Be4 11. f4 cxd4 12. cxd4 h6 13. Nxe4 Nxe4 14. Nf3 Bb4
15. Rf1 Ndf6 16. a3 Ba5 17. b4 Bc7 18. Bb2 Ng3 19. Re1 Qd7 20. Rc1 a5 21. Ne5
Qe8 22. b5 a4 23. Bd3 Ba5 24. Qxa4 Bxe1 25. Rxe1 Nfe4 26. Rc1 Rxc1+ 27. Bxc1
Qc8 28. Qd1 Qc3 29. a4 Rc8 30. Kh2 Qxc1 31. Qf3 Qh1# 0-1

[Event "Tournoi Skype 018B"]
[Site "Skype"]
[Date "????.??.??"]
[Round "2.13"]
[White "Perrone, Gabriel Lorenzo"]
[Black "Homme, Jim"]
[Result "1-0"]
[WhiteElo "1390"]
[BlackElo "1181"]
[PlyCount "83"]

1. d4 d5 2. c4 c6 3. Nc3 Nf6 4. Bg5 e6 5. Nf3 Nbd7 6. cxd5 cxd5 7. Nxd5 exd5 8.
Ne5 Bb4+ 9. Bd2 Bxd2+ 10. Qxd2 O-O 11. Nf3 Nb6 12. b3 Re8 13. e3 Qd6 14. Be2
Ne4 15. Qc2 Bf5 16. Bd3 Qg6 17. Nh4 Qf6 18. Nxf5 Qxf5 19. f3 Rac8 20. Qb1 Rc3
21. fxe4 dxe4 22. Rf1 Qd5 23. Bc2 Rxe3+ 24. Kf2 Qxd4 25. Qd1 Qxd1 26. Raxd1 Rc3
27. Bb1 e3+ 28. Ke2 Rc5 29. Rf3 Nd5 30. Kd3 e2 31. Re1 Nc3 32. Kd4 Rd5+ 33.
Kxc3 Rd1 34. Rxe2 Rxe2 35. Bc2 Rd8 36. Bd3 Rxg2 37. h3 Rxa2 38. Bc4 Re2 39.
Bxe2 h6 40. Bc4 b6 41. Rxf7 Rc8 42. Rc7+ 1-0

[Event "Tournoi Skype 018B"]
[Site "Skype"]
[Date "????.??.??"]
[Round "2.14"]
[White "Bhandari, Dattatrey"]
[Black "Karia, Kirti"]
[Result "0-1"]
[WhiteElo "1218"]
[BlackElo "1387"]
[PlyCount "76"]

1. c4 e5 2. e4 Nc6 3. Nf3 Nf6 4. Nc3 Bb4 5. Qc2 d6 6. a3 Bc5 7. b4 Nd4 8. Qb1
Nxf3+ 9. gxf3 Bd4 10. Bb2 Be6 11. Qd3 Nh5 12. Qc2 O-O 13. Ne2 Bxb2 14. Qxb2
Bxc4 15. d3 Bxd3 16. Rd1 Bxe2 17. Bxe2 Nf4 18. Bf1 Qf6 19. h4 c6 20. Kd2 Rfd8
21. Kc1 d5 22. Be2 b5 23. a4 bxa4 24. Ba6 Rab8 25. h5 h6 26. Kb1 c5 27. b5 d4
28. Qa3 Qxa6 29. Ka2 Rxb5 30. Rb1 Rb3 31. Rxb3 axb3+ 32. Kxb3 Qe2 33. Qxa7 c4+
34. Kb4 Qb2+ 35. Kc5 Ne6+ 36. Kc6 Qb4 37. Qc7 Qc5+ 38. Kb7 Qxc7+ 0-1

[Event "Tournoi Skype 018B"]
[Site "Skype"]
[Date "????.??.??"]
[Round "2.15"]
[White "Porcabeuf, Jean-Marc"]
[Black "Bacha, Mehdi"]
[Result "1-0"]
[WhiteElo "1380"]
[BlackElo "1000"]
[PlyCount "79"]

1. d4 d5 2. c4 e6 3. a3 Nf6 4. Nc3 Be7 5. Nf3 O-O 6. e3 Nc6 7. Bd3 Ng4 8. O-O
Qd6 9. Re1 Bh4 10. g3 Be7 11. e4 a5 12. exd5 exd5 13. Nxd5 Bd8 14. Bf4 Qd7 15.
Bc2 Ne7 16. Qd3 Nf5 17. Ne5 Qe8 18. Nxg4 Qd7 19. Re5 Re8 20. Rxe8+ Qxe8 21. Be5
c6 22. Ndf6+ Bxf6 23. Bxf6 gxf6 24. Nxf6+ Kf8 25. Nxe8 Kxe8 26. Re1+ Kf8 27.
Qf3 Bd7 28. Bxf5 Bxf5 29. Qxf5 Re8 30. Rxe8+ Kxe8 31. Qc8+ Ke7 32. Qxb7+ Kf6
33. Qxc6+ Kg7 34. d5 f6 35. d6 Kg6 36. d7 h6 37. d8=Q Kg5 38. f4+ Kg4 39. Qg8+
Kh3 40. Qxf6 1-0

[Event "Tournoi Skype 018B"]
[Site "Skype"]
[Date "????.??.??"]
[Round "2.16"]
[White "De Coninck, Philippe"]
[Black "Douichi, Mohammed"]
[Result "1-0"]
[WhiteElo "1461"]
[BlackElo "1216"]
[PlyCount "71"]

1. e4 e5 2. f4 Qh4+ 3. g3 Qf6 4. Nf3 exf4 5. Bc4 fxg3 6. hxg3 Bd6 7. Rh3 h6 8.
Nc3 Qg6 9. e5 Bc5 10. Nd5 Qe4+ 11. Ne3 d6 12. d3 Bb4+ 13. c3 Bxc3+ 14. bxc3 Qg6
15. Nd5 Kd8 16. Nh4 Qe6 17. g4 Qxe5+ 18. Qe2 Qxc3+ 19. Nxc3 Nf6 20. Nf5 Re8 21.
Re3 Bxf5 22. Rxe8+ Nxe8 23. gxf5 Nc6 24. Bxf7 Ne5 25. Bxe8 Kxe8 26. d4 Kf8 27.
dxe5 dxe5 28. Ba3+ Kg8 29. Qc4+ Kh7 30. O-O-O c6 31. Qf7 b5 32. Bf8 Rxf8 33.
Qxf8 h5 34. Rh1 Kh6 35. Ne4 a5 36. Qh8# 1-0

[Event "Tournoi Skype 018B"]
[Site "Skype"]
[Date "????.??.??"]
[Round "2.17"]
[White "Vitale, Maxi"]
[Black "Kruzeniski, Randy"]
[Result "0-1"]
[WhiteElo "1215"]
[BlackElo "1409"]
[PlyCount "44"]

1. e4 c5 2. Nf3 d6 3. Bc4 Nf6 4. Nc3 e6 5. O-O Nc6 6. d4 cxd4 7. Nxd4 Nxd4 8.
Qxd4 a6 9. Bg5 Be7 10. f4 b5 11. Be2 h6 12. Bxf6 Bxf6 13. e5 Be7 14. exd6 Bf6
15. Qc5 O-O 16. Rad1 Bd7 17. b4 Rc8 18. Qf2 Bxc3 19. a3 Bb2 20. Rd3 Rxc2 21.
Rfd1 Qb8 22. Bf3 Rxf2 0-1

[Event "Tournoi Skype 018B"]
[Site "Skype"]
[Date "????.??.??"]
[Round "2.19"]
[White "Cengiz, Cem"]
[Black "Alverson, Ginny"]
[Result "1-0"]
[WhiteElo "1325"]
[BlackElo "1180"]
[PlyCount "99"]

1. e4 c5 2. Nf3 d6 3. d4 Nc6 4. Bb5 Bd7 5. O-O Nxd4 6. Nxd4 cxd4 7. Bxd7+ Qxd7
8. Re1 Qc7 9. Qxd4 e5 10. Qd3 O-O-O 11. Nc3 Nf6 12. Bg5 Be7 13. Qe3 h6 14. Bxf6
Bxf6 15. Qxa7 Qb8 16. Qxb8+ Kxb8 17. Rad1 Bg5 18. Nb5 Be7 19. Rd2 Rd7 20. Red1
Rhd8 21. c4 d5 22. h3 d4 23. b3 Bb4 24. Rd3 g5 25. a3 Bc5 26. b4 Ba7 27. c5 f6
28. Nd6 Kc7 29. Nf5 h5 30. Ng3 h4 31. Nh5 b5 32. Nxf6 Rf7 33. Nd5+ Kc6 34. Rb3
Bxc5 35. bxc5 Kxc5 36. Rc1+ Kd6 37. Rxb5 Ra7 38. Ra1 Kc6 39. Rb2 Kc5 40. a4 Kc4
41. a5 Kd3 42. Nb4+ Kxe4 43. Nc6 Rda8 44. Nxa7 Rxa7 45. Kf1 Kd3 46. Ke1 Kc4 47.
Kd2 Kd5 48. a6 Kc4 49. Rb7 Rxb7 50. axb7 1-0

[Event "Tournoi Skype 018B"]
[Site "Skype"]
[Date "????.??.??"]
[Round "2.20"]
[White "Amato, Ludovica"]
[Black "Milanese, Serge"]
[Result "0-1"]
[WhiteElo "1192"]
[BlackElo "1317"]
[PlyCount "42"]

1. e4 e5 2. Nf3 Nc6 3. Bc4 Nf6 4. Ng5 d5 5. exd5 Na5 6. Be2 Nxd5 7. d4 Nf4 8.
Bxf4 exf4 9. Nf3 Bd6 10. O-O O-O 11. Re1 c6 12. b4 Bxb4 13. Nbd2 b6 14. Ne5
Qxd4 15. Nec4 Ba6 16. Nf3 Qf6 17. Ncd2 Bb7 18. Ne4 Qe7 19. Ned2 Rad8 20. Ba6
Qc7 21. Bxb7 Nxb7 0-1

[Event "Tournoi Skype 018B"]
[Site "Skype"]
[Date "????.??.??"]
[Round "2.22"]
[White "Farthouat, Catherine"]
[Black "Codina, Teresa"]
[Result "0-1"]
[WhiteElo "1150"]
[BlackElo "1310"]
[PlyCount "74"]

1. c4 e5 2. d3 Nf6 3. Nf3 d6 4. g3 Nc6 5. Bg2 g6 6. O-O Bg7 7. b3 O-O 8. Bb2
Bd7 9. Nc3 Re8 10. Re1 Qc8 11. h3 Bxh3 12. Bh1 a6 13. a3 Qd7 14. Rc1 Na5 15. b4
Nc6 16. Na4 Rab8 17. Ba1 b5 18. Nc3 bxc4 19. dxc4 Bg4 20. e4 Nd4 21. Nd5 c5 22.
Nxf6+ Bxf6 23. Rb1 Rec8 24. a4 Rxb4 25. Bxd4 Rxb1 26. Qxb1 cxd4 27. Nxd4 exd4
28. f4 Bg7 29. Qb6 Rxc4 30. a5 d3 31. Qxa6 d2 32. Qxc4 dxe1=Q+ 33. Qf1 Qxf1+
34. Kxf1 Qb5+ 35. Kg2 Qe2+ 36. Kg1 Bh3 37. a6 Qf1+ 0-1

[Event "Tournoi Skype 018B"]
[Site "Skype"]
[Date "????.??.??"]
[Round "2.23"]
[White "Vervoort, Jean-Louis"]
[Black "Martin, Elise"]
[Result "1-0"]
[WhiteElo "1273"]
[BlackElo "1107"]
[PlyCount "57"]

1. e4 e5 2. Nf3 d6 3. Bc4 Nc6 4. O-O Nf6 5. Nc3 Be7 6. Ng5 O-O 7. Nxf7 Qe8 8.
Nxd6+ Kh8 9. Nxe8 Rxe8 10. d3 Bg4 11. f3 Bh5 12. g4 Bg6 13. f4 Bc5+ 14. Kh1 Bd4
15. f5 Bf7 16. Bxf7 Rf8 17. Bh5 Ne7 18. g5 Nd7 19. g6 h6 20. Qg4 Nf6 21. Qh3 c6
22. Rg1 b5 23. Bxh6 gxh6 24. g7+ Kg8 25. gxf8=Q+ Kxf8 26. Bg6 b4 27. Qxh6+ Kg8
28. Bh7+ Kf7 29. Qg7+ 1-0

[Event "Tournoi Skype 018B"]
[Site "Skype"]
[Date "????.??.??"]
[Round "2.24"]
[White "Baker, Abi"]
[Black "Picard, Mario"]
[Result "1/2-1/2"]
[WhiteElo "1130"]
[BlackElo "1271"]
[PlyCount "138"]

1. c4 e5 2. Nc3 Nf6 3. e4 b6 4. d3 Be7 5. Nge2 O-O 6. g3 Bb7 7. Bg2 c6 8. O-O
Bc5 9. Be3 Be7 10. f4 Ng4 11. Qd2 Nxe3 12. Qxe3 Bc5 13. d4 exd4 14. Nxd4 b5 15.
cxb5 cxb5 16. Ncxb5 Ba6 17. a4 Nc6 18. Rfc1 Qe7 19. Nc7 Bxd4 20. Ra3 Bxe3+ 21.
Rxe3 Qc5 22. Rxc5 Rab8 23. Nxa6 Rxb2 24. e5 Rb6 25. Ra5 Nxa5 26. Nc5 Rb1+ 27.
Bf1 Nc4 28. Re2 a5 29. Nxd7 Re8 30. h4 Rb4 31. Ra2 Ne3 32. Bb5 Rb1+ 33. Kf2
Nd1+ 34. Kg2 Nc3 35. Nf6+ gxf6 36. Bxe8 Nxa2 37. exf6 Rb6 38. Bxf7+ Kxf7 39. g4
Rxf6 40. Kg3 Nc3 41. g5 Rg6 42. f5 Ne4+ 43. Kf4 Nxg5 44. fxg6+ Kxg6 45. hxg5
Kf7 46. Kf5 Kg7 47. Kg4 Kg6 48. Kh4 h5 49. gxh6 Kxh6 50. Kg4 Kg6 51. Kf4 Kf6
52. Ke4 Ke6 53. Kd4 Kd6 54. Kc4 Kc6 55. Kb3 Kc5 56. Ka3 Kc4 57. Kb2 Kb4 58. Ka2
Kxa4 59. Kb2 Kb4 60. Ka2 a4 61. Kb2 a3+ 62. Ka2 Ka4 63. Kb1 Kb3 64. Ka1 Ka4 65.
Ka2 Kb4 66. Kb1 Kc3 67. Ka2 Kb4 68. Kb1 Ka4 69. Ka2 Kb4 1/2-1/2

[Event "Tournoi Skype 018B"]
[Site "Skype"]
[Date "????.??.??"]
[Round "2.25"]
[White "Guillaume, Mickael"]
[Black "Gerbaux, Regis"]
[Result "0-1"]
[WhiteElo "1102"]
[BlackElo "1268"]
[PlyCount "56"]

1. d4 e5 2. dxe5 Nc6 3. Nf3 Qe7 4. Bf4 Qb4+ 5. c3 Qxf4 6. e3 Qf5 7. Qd5 Nf6 8.
Qd3 Qxd3 9. Bxd3 Ng4 10. Nbd2 Ngxe5 11. Be2 d6 12. Nd4 Nxd4 13. cxd4 Nc6 14. d5
Nb4 15. Bb5+ Bd7 16. Bc4 Nc2+ 17. Ke2 Nxa1 18. Rxa1 g6 19. Rc1 Rc8 20. b3 Bg7
21. Ne4 O-O 22. f3 h6 23. g4 f5 24. gxf5 Rxf5 25. Rf1 Rcf8 26. Bd3 Rxd5 27. Bc4
Bb5 28. Bxb5 Rxb5 0-1

[Event "Tournoi Skype 018B"]
[Site "Skype"]
[Date "????.??.??"]
[Round "2.26"]
[White "Lecluyse, Koenraad"]
[Black "Talbot, Jean"]
[Result "1/2-1/2"]
[WhiteElo "1265"]
[BlackElo "1098"]
[PlyCount "65"]

1. d4 d5 2. Nf3 Nc6 3. Bf4 Bf5 4. e3 Nf6 5. Bd3 e6 6. Bxf5 exf5 7. O-O Bd6 8.
Bg5 h6 9. Bxf6 Qxf6 10. c3 O-O 11. Nbd2 Rae8 12. Re1 f4 13. e4 dxe4 14. Rxe4
Rxe4 15. Nxe4 Qf5 16. Nxd6 cxd6 17. Qd2 Re8 18. Re1 Rxe1+ 19. Qxe1 Qe6 20. Qd2
Qf5 21. h3 g5 22. d5 Ne5 23. Nd4 Qe4 24. Qc2 Qe1+ 25. Kh2 Kg7 26. Qf5 f6 27.
Qe6 Qxf2 28. Qe7+ Kg6 29. Qe8+ Kh7 30. Qe7+ Kg6 31. Qe8+ Kh7 32. Qe7+ Kg6 33.
Qe8+ 1/2-1/2

[Event "Tournoi Skype 018B"]
[Site "Skype"]
[Date "????.??.??"]
[Round "2.27"]
[White "Gagnon, Sindy"]
[Black "Kruk, Clementine"]
[Result "0-1"]
[WhiteElo "1016"]
[BlackElo "1264"]
[PlyCount "66"]

1. d4 d5 2. Nc3 Nf6 3. Nf3 Nc6 4. e3 a6 5. Be2 Bf5 6. O-O e6 7. Bd3 Bg4 8. h3
Bh5 9. Re1 Bd6 10. e4 dxe4 11. Nxe4 Nxd4 12. Be3 Bxf3 13. gxf3 Be5 14. c3 Nf5
15. Bc5 b6 16. Ba3 Nxe4 17. fxe4 Qg5+ 18. Qg4 Qxg4+ 19. hxg4 Nh4 20. Be2 c5 21.
g5 O-O 22. b4 Bd6 23. Rad1 Rfd8 24. e5 Bxe5 25. Rc1 Bf4 26. Rc2 Bxg5 27. f3 Bd2
28. Rf1 a5 29. bxc5 bxc5 30. Bxc5 Rac8 31. Bb6 Rd5 32. c4 Rg5+ 33. Kf2 Rg2# 0-1

[Event "Tournoi Skype 018B"]
[Site "Skype"]
[Date "????.??.??"]
[Round "2.28"]
[White "Bustos, Ricardo"]
[Black "Erten, Ozlem"]
[Result "1-0"]
[WhiteElo "1240"]
[BlackElo "1000"]
[PlyCount "31"]

1. d4 d5 2. Nf3 Nc6 3. c4 e6 4. Nc3 dxc4 5. e3 Bb4 6. Bxc4 Nf6 7. O-O O-O 8.
Qc2 Bxc3 9. bxc3 Na5 10. Bd3 h6 11. Ba3 Re8 12. e4 e5 13. dxe5 Nh5 14. Rad1 Bg4
15. Bb5 Re6 16. Rxd8+ 1-0

[Event "Tournoi Skype 018B"]
[Site "Skype"]
[Date "????.??.??"]
[Round "2.29"]
[White "Gieschen, Mike"]
[Black "Marty, Yvette"]
[Result "1-0"]
[WhiteElo "1235"]
[BlackElo "1000"]
[PlyCount "55"]

1. e4 e5 2. Nf3 Nc6 3. c3 d6 4. Bb5 a6 5. Ba4 Bg4 6. O-O Nf6 7. d3 Be7 8. Bg5
Bh5 9. Nbd2 O-O 10. Qb3 b5 11. Bxf6 Bxf6 12. Qd5 Qe8 13. Bb3 Rb8 14. d4 b4 15.
Qc4 a5 16. d5 Ne7 17. Qxc7 a4 18. Bc4 Ng6 19. Qxd6 Be7 20. Qa6 Nf4 21. cxb4 f6
22. d6+ Kh8 23. dxe7 Qxe7 24. a3 f5 25. Qa5 fxe4 26. Nxe5 Rbe8 27. Nc6 Qg5 28.
Qxg5 1-0

[Event "Tournoi Skype 018B"]
[Site "Skype"]
[Date "????.??.??"]
[Round "2.31"]
[White "Tu, Harrison"]
[Black "Moumtaz, Abderrahim"]
[Result "0-1"]
[WhiteElo "1000"]
[BlackElo "1219"]
[PlyCount "40"]

1. e4 e5 2. Nf3 Nc6 3. Bc4 Nd4 4. O-O Be7 5. Nxe5 Nh6 6. c3 Nc6 7. d4 Nxe5 8.
dxe5 O-O 9. Be3 d6 10. exd6 Bxd6 11. Na3 Ng4 12. Re1 Bxh2+ 13. Kh1 Nxf2+ 14.
Kxh2 Nxd1 15. Raxd1 Qh4+ 16. Kg1 Qxe4 17. Rd4 Qg6 18. Red1 Bh3 19. Bg5 Qxg5 20.
Nb5 Qxg2# 0-1

[Event "Tournoi Skype 018B"]
[Site "Skype"]
[Date "????.??.??"]
[Round "3.1"]
[White "Mordaa, Ahmad"]
[Black "Briere, Jean"]
[Result "0-1"]
[WhiteElo "1440"]
[BlackElo "1556"]
[PlyCount "54"]

1. e4 e5 2. Nf3 Nc6 3. Bc4 Bc5 4. d3 Nf6 5. Bg5 h6 6. Bh4 O-O 7. c3 d6 8. O-O
Be6 9. Nbd2 Bxc4 10. Nxc4 b5 11. Ne3 Bxe3 12. fxe3 Re8 13. Nd2 Re6 14. Rf3 g5
15. Bg3 Nh5 16. Nf1 Rf6 17. Rxf6 Nxf6 18. Qf3 Qe7 19. h3 Re8 20. Nh2 h5 21. Rf1
Kg7 22. Qf5 Nh7 23. Nf3 f6 24. Nd2 Qe6 25. Qf3 g4 26. hxg4 hxg4 27. Qf5 Ng5 0-1

[Event "Tournoi Skype 018B"]
[Site "Skype"]
[Date "????.??.??"]
[Round "3.2"]
[White "Salazar Ticeran, Antonio"]
[Black "Perrone, Gabriel Lorenzo"]
[Result "1-0"]
[WhiteElo "1526"]
[BlackElo "1390"]
[PlyCount "87"]

1. e4 e5 2. Nf3 d6 3. Bc4 h6 4. d4 Bg4 5. h3 Bh5 6. g4 Bg6 7. dxe5 Bxe4 8. Nc3
Bg6 9. O-O Nd7 10. Re1 Be7 11. e6 Nb6 12. exf7+ Bxf7 13. Bxf7+ Kxf7 14. Nd5
Nxd5 15. Qxd5+ Kf8 16. Nd4 Nf6 17. Qf5 Qc8 18. Ne6+ Kf7 19. g5 hxg5 20. Nxg5+
Kg8 21. Qg6 Qe8 22. Qd3 Rh6 23. Qb3+ Kf8 24. Ne6+ Kg8 25. Nxc7+ Qf7 26. Qxf7+
Kxf7 27. Bxh6 Rh8 28. Bg5 Rxh3 29. Bxf6 Bxf6 30. Ne8 Be5 31. Nc7 Bxb2 32. Rab1
Bc3 33. Re3 Rxe3 34. fxe3 Ba5 35. Nb5 Bb6 36. Nxd6+ Ke6 37. Nxb7 g5 38. Kf2 Kf5
39. Kf3 g4+ 40. Kg3 Bxe3 41. Rf1+ Kg5 42. Nd6 Bc5 43. Ne4+ Kh5 44. Nxc5 1-0

[Event "Tournoi Skype 018B"]
[Site "Skype"]
[Date "????.??.??"]
[Round "3.3"]
[White "Sauvaget, Joel"]
[Black "Porcabeuf, Jean-Marc"]
[Result "1-0"]
[WhiteElo "1509"]
[BlackElo "1380"]
[PlyCount "45"]

1. d4 Nf6 2. c4 e6 3. e3 d5 4. Nf3 b6 5. Nc3 Bb7 6. Be2 c5 7. O-O Bd6 8. Re1
O-O 9. Bd3 cxd4 10. exd4 Nbd7 11. Bg5 Qc7 12. Nb5 Qc6 13. Nxd6 Qxd6 14. Ne5
dxc4 15. Bc2 Nd5 16. Nxd7 Qxd7 17. Qh5 h6 18. Bxh6 Nf6 19. Qg5 Nh5 20. Qxh5 Qc6
21. Be4 Qc7 22. Bf4 Bxe4 23. Bxc7 1-0

[Event "Tournoi Skype 018B"]
[Site "Skype"]
[Date "????.??.??"]
[Round "3.4"]
[White "Ramirez Reina, Orlando"]
[Black "Sahrane, Juba"]
[Result "0-1"]
[WhiteElo "1410"]
[BlackElo "1476"]
[PlyCount "106"]

1. e4 e6 2. d4 d5 3. exd5 exd5 4. Bf4 Nf6 5. Nf3 Nc6 6. c3 Bd6 7. Bg5 O-O 8. h3
h6 9. Bxf6 Qxf6 10. Be2 Nd8 11. O-O Ne6 12. Re1 Ng5 13. Nbd2 Re8 14. Bd3 Rxe1+
15. Qxe1 Bxh3 16. Nxg5 Qxg5 17. Bf1 Bg4 18. Bd3 Bh3 19. Bf1 Bg4 20. Bd3 Bf4 21.
Nf1 Bh3 22. Ne3 Bxe3 23. Bf1 Bf4 24. Kh1 Bg4 25. f3 Qh5+ 26. Kg1 Qh2+ 27. Kf2
Bg3+ 28. Ke2 Re8+ 29. Kd2 Bxe1+ 30. Rxe1 Rxe1 31. Kxe1 Qg3+ 32. Kd2 Bh3 33.
gxh3 Qf2+ 34. Be2 f5 35. b4 c6 36. a4 g5 37. a5 h5 38. Kd3 g4 39. hxg4 fxg4 40.
fxg4 hxg4 41. Bxg4 Qg3+ 42. Kc2 Qxg4 43. Kb3 b6 44. axb6 axb6 45. Kc2 b5 46.
Kb3 Qd1+ 47. Kb2 Kf7 48. Ka3 Ke6 49. Kb2 Kf5 50. Ka3 Ke4 51. Kb2 Kd3 52. Ka3
Kc2 53. Ka2 Qb1+ 0-1

[Event "Tournoi Skype 018B"]
[Site "Skype"]
[Date "????.??.??"]
[Round "3.5"]
[White "Karia, Kirti"]
[Black "De Nobrega, George"]
[Result "1-0"]
[WhiteElo "1387"]
[BlackElo "1458"]
[PlyCount "61"]

1. e4 e5 2. Nf3 Nc6 3. d4 exd4 4. Bc4 h6 5. O-O Nf6 6. Nxd4 Nxd4 7. Qxd4 Be7 8.
e5 d5 9. exf6 Bxf6 10. Qe3+ Qe7 11. Qxe7+ Bxe7 12. Bxd5 O-O 13. Nc3 c6 14. Bb3
Bf5 15. Re1 Bb4 16. Re3 Rad8 17. h3 Rfe8 18. Rxe8+ Rxe8 19. Be3 a6 20. Rd1 Kf8
21. Ne2 Ke7 22. c3 Ba5 23. Bc5+ Kf6 24. Ng3 Bg6 25. Rd6+ Kg5 26. h4+ Kxh4 27.
Rd4+ Kg5 28. f4+ Kf6 29. Rd7 Re1+ 30. Kf2 Bb1 31. Bd4+ 1-0

[Event "Tournoi Skype 018B"]
[Site "Skype"]
[Date "????.??.??"]
[Round "3.6"]
[White "Sepulveda, Lyda Marcela"]
[Black "Martin, Jean-Claude"]
[Result "1-0"]
[WhiteElo "1375"]
[BlackElo "1440"]
[PlyCount "77"]

1. e4 e5 2. Nf3 Nc6 3. Bc4 Nf6 4. d3 Be7 5. c3 O-O 6. O-O d6 7. Re1 Na5 8. Bb5
a6 9. Ba4 b5 10. Bc2 c5 11. d4 Qc7 12. dxe5 dxe5 13. Nbd2 Rd8 14. Qe2 Nh5 15.
Nf1 Nf4 16. Bxf4 exf4 17. e5 g6 18. Qe4 Bg4 19. Qxf4 Bxf3 20. Qxf3 Nc4 21. Qf4
Nxb2 22. Re3 Nc4 23. Rh3 Qxe5 24. Qh6 Qg7 25. Qf4 Qf6 26. Qg4 Nd2 27. Re1 Nxf1
28. Kxf1 Rd2 29. Rf3 Qg5 30. Qe4 Re8 31. Rfe3 Rxc2 32. Qxc2 Qh6 33. h3 Qf8 34.
Qd3 Rd8 35. Qe2 Re8 36. Rxe7 Rxe7 37. Qxe7 Qxe7 38. Rxe7 a5 39. Re5 1-0

[Event "Tournoi Skype 018B"]
[Site "Skype"]
[Date "????.??.??"]
[Round "3.7"]
[White "Felippe E Silva, Glenda"]
[Black "Galani, Mahendra"]
[Result "0-1"]
[WhiteElo "1269"]
[BlackElo "1419"]
[PlyCount "24"]

1. d4 d5 2. Nf3 Bg4 3. Bf4 Nf6 4. h3 Bf5 5. e3 Nbd7 6. Bd3 Ne4 7. Nbd2 e6 8.
O-O c6 9. Ne5 Nxe5 10. Bxe5 Qg5 11. Nxe4 dxe4 12. Be2 Bxh3 0-1

[Event "Tournoi Skype 018B"]
[Site "Skype"]
[Date "????.??.??"]
[Round "3.8"]
[White "Lemoine, Gerard"]
[Black "Ruiz Gomez, Luz Alba"]
[Result "1/2-1/2"]
[WhiteElo "1323"]
[BlackElo "1333"]
[PlyCount "183"]

1. d4 d5 2. c4 e6 3. Nf3 Nf6 4. Bg5 Nbd7 5. e3 Be7 6. Nc3 c6 7. Be2 dxc4 8.
Bxc4 O-O 9. O-O b6 10. e4 h6 11. Bh4 Bb7 12. e5 Nh7 13. Bxe7 Qxe7 14. a3 c5 15.
d5 exd5 16. Nxd5 Bxd5 17. Bxd5 Rac8 18. Re1 Rce8 19. Bc6 Rd8 20. Qa4 a5 21.
Rad1 Nb8 22. Rxd8 Rxd8 23. Bb5 Nf8 24. Bc4 Ne6 25. Qb3 Nc6 26. Qxb6 Qd7 27. Qb3
Rb8 28. Qe3 Rxb2 29. Bxe6 fxe6 30. Qxc5 Rb8 31. Qd6 Qe8 32. Kf1 Rd8 33. Qc5 Rd5
34. Qc3 Qd7 35. Rc1 Ne7 36. Qc7 a4 37. Qxd7 Rxd7 38. Ke2 Rb7 39. Nd4 Kf7 40. g4
Rb2+ 41. Kd3 Rxf2 42. h4 Rh2 43. Rf1+ Kg8 44. Nxe6 Rh3+ 45. Kd4 Ng6 46. h5 Ne7
47. Rf8+ Kh7 48. Rf7 Nc6+ 49. Ke4 Kh8 50. Nxg7 Rxa3 51. Nf5 Ra2 52. Rf8+ Kh7
53. Ra8 a3 54. Ra6 Nb4 55. Rxh6+ Kg8 56. Rg6+ Kf8 57. h6 Re2+ 58. Ne3 a2 59. h7
Kf7 60. Rf6+ Kg7 61. Rh6 a1=Q 62. h8=Q+ Kf7 63. Qf6+ Ke8 64. Qe6+ Kd8 65. Qd6+
Ke8 66. Rh8+ Kf7 67. e6+ Kg7 68. Qe5+ Qxe5+ 69. Kxe5 Kxh8 70. Ke4 Nc6 71. Kf3
Re1 72. Nf5 Rf1+ 73. Kg3 Re1 74. e7 Nxe7 75. Nxe7 Rxe7 76. Kf4 Kg7 77. Kg5 Rf7
78. Kh5 Kh7 79. Kg5 Kg8 80. Kh6 Rf6+ 81. Kg5 Kg7 82. Kh5 Rh6+ 83. Kg5 Rf6 84.
Kh5 Kh7 85. Kg5 Kg7 86. Kh5 Kh7 87. Kg5 Rg6+ 88. Kh5 Kg7 89. g5 Kh7 90. Kg4 Kg7
91. Kh5 Rxg5+ 92. Kxg5 1/2-1/2